The English atlas. ... Containing a description of the places next the North-Pole (Record no. 114159)

MARC details
000 -LEADER
fixed length control field 01988cam a22002415a 4500
001 - CONTROL NUMBER
control field L156292
005 - DATE AND TIME OF LATEST TRANSACTION
control field 20260422161546.0
008 - FIXED-LENGTH DATA ELEMENTS--GENERAL INFORMATION
fixed length control field 120510s1680 xxk f 000 0 eng d
035 ## - SYSTEM CONTROL NUMBER
System control number (Sirsi) u156292
041 0# - LANGUAGE CODE
Language code of text/sound track or separate title eng
245 04 - TITLE STATEMENT
Title The English atlas. ... Containing a description of the places next the North-Pole
Remainder of title as also of Muscovy, Poland, Sweeden, Denmark, and their several dependances. With a general introduction to geography, and a large index, containing the longitudes and latitudes of all the particular places, thereby directing the reader to find them readily in the several maps
260 ## - PUBLICATION, DISTRIBUTION, ETC.
Place of publication, distribution, etc. Oxford [Oxfordshire]
Name of publisher, distributor, etc. printed at the Theater, for Moses Pitt at the Angel in St. Pauls-Church-Yard, London
Date of publication, distribution, etc. MDCLXXX. [1680]
300 ## - PHYSICAL DESCRIPTION
Extent 4 v.
Other physical details ports., maps
Dimensions 2o
505 2# - FORMATTED CONTENTS NOTE
Formatted contents note v.1. Description of the places next the North Pole, as also of Muscovy, Poland, Sweden, Denmark, and their several dependencies -- v.2. Description of part of the empire of Germany, viz. the upper and lower Saxony, .. Mecklenburg, Bremen, Magdeburg, &c., .. Brandenburg and Misnia .. the Palatinate of the Rhine, and the kingdom of Bohemia / by William Nicolson --v.3. Description of the remaining part of the empire of Germany, viz. Schwaben, the palatinate of Bavaria, Arch-Dukedom of Austria, Kingdom of Hungary, Principality of Transylvania, the Circle of Westphalia, with the neighboring provinces / by William Nicolson -- v.4. The description of the seventeen provinces of the Low-Countries, or Netherlands / by Richard Peers.
520 ## - SUMMARY, ETC.
Summary, etc. Originally offered to subscribers as prospective work in 11 volumes of which only four were published in 1680 with 145 maps, and the text of a fifth volume in 1682.
583 ## - ACTION NOTE
Action Condition reviewed
Time/date of action 20120620
Status condition level 2, 2, 4 and 4
651 #4 - SUBJECT ADDED ENTRY--GEOGRAPHIC NAME
Geographic name International
690 ## - LOCAL SUBJECT ADDED ENTRY--TOPICAL TERM (OCLC, RLIN)
Topical term or geographic name as entry element Geomatics
9 (RLIN) 6242
700 1# - ADDED ENTRY--PERSONAL NAME
Personal name Pitt, Moses
Dates associated with a name fl. 1654-1696
700 1# - ADDED ENTRY--PERSONAL NAME
Personal name Nicolson, William
Dates associated with a name 1655-1727
700 1# - ADDED ENTRY--PERSONAL NAME
Personal name Peers, Richard
Dates associated with a name 1645-1690
942 ## - ADDED ENTRY ELEMENTS (KOHA)
Suppress in OPAC 0
Source of classification or shelving scheme Dewey Decimal Classification
Holdings
Withdrawn status Lost status Source of classification or shelving scheme Damaged status Not for loan Home library Current library Shelving location Date acquired Total Checkouts Full call number Barcode Date last seen Copy number Price effective from Koha item type
    Dewey Decimal Classification     Historic collection Historic collection Safe 10/05/2012   ATLAS 1680 PITT VOL. 1 30077070 22/04/2026 1 06/08/2019 Book
    Dewey Decimal Classification     Historic collection Historic collection Safe 20/02/2013   ATLAS 1680 PITT VOL. 2 30077546 22/04/2026 1 06/08/2019 Book
    Dewey Decimal Classification     Historic collection Historic collection Safe 20/02/2013   ATLAS 1680 PITT VOL. 3 30077911 22/04/2026 1 06/08/2019 Book
    Dewey Decimal Classification     Historic collection Historic collection Safe 20/02/2013   ATLAS 1680 PITT VOL. 4 30075870 22/04/2026 1 06/08/2019 Book